Keeping a clean sheet (Record no. 73013)

MARC details
000 -LEADER
fixed length control field 01577cam a2200229 4500
008 - FIXED-LENGTH DATA ELEMENTS--GENERAL INFORMATION
fixed length control field 030708n2003 000 0 eng u
035 ## - SYSTEM CONTROL NUMBER
System control number (Sirsi) u122961
245 ## - TITLE STATEMENT
Title Keeping a clean sheet
260 ## - PUBLICATION, DISTRIBUTION, ETC.
Date of publication, distribution, etc. 2003
490 ## - SERIES STATEMENT
Series statement RICS Press Release
Volume/sequential designation (pr069) 8 July 2003 (2)
520 ## - SUMMARY, ETC.
Summary, etc. New research commissioned by RICS Management Consultancy Faculty and published in conjunction with Cranfield University highlights compelling reasons why surveyors should spend more time considering the possibilities of conflicts of interest inherent in their rapidly changing profession. "Organising change: conflicts and dilemmas in surveying and consultancy" recommends that property firms should focus on ethical issues and review their ethical policies. RICS should publish 'good practice' case studies to assist firms with ethical policies and establish an ethical appeals panel for clients. An executive summary is available at http://www.rics.org/ricscms/bin/show?class=ResearchReports&template=/includes/showresearch.html&id=54&faculty=Management%20Consultancy&faculty=All%20Faculties. http://www.rics.org/ricscms/bin/show?class=PressRelease&template=/includes/showpr.html&id=953&faculty=Management%20Consultancy&faculty=All%20Faculties
590 ## - LOCAL NOTE (RLIN)
Local note WB
650 ## - SUBJECT ADDED ENTRY--TOPICAL TERM
Topical term or geographic name entry element CONFLICT OF INTERESTS
650 ## - SUBJECT ADDED ENTRY--TOPICAL TERM
Topical term or geographic name entry element SURVEYORS
650 ## - SUBJECT ADDED ENTRY--TOPICAL TERM
Topical term or geographic name entry element Management consultancy
9 (RLIN) 6255
650 ## - SUBJECT ADDED ENTRY--TOPICAL TERM
Topical term or geographic name entry element CORPORATE ACCOUNTABILITY
650 ## - SUBJECT ADDED ENTRY--TOPICAL TERM
Topical term or geographic name entry element REAL ESTATE CONSULTANCY
650 ## - SUBJECT ADDED ENTRY--TOPICAL TERM
Topical term or geographic name entry element CONSULTANCY SERVICES
650 ## - SUBJECT ADDED ENTRY--TOPICAL TERM
Topical term or geographic name entry element ETHICS
690 ## - LOCAL SUBJECT ADDED ENTRY--TOPICAL TERM (OCLC, RLIN)
Topical term or geographic name as entry element MANAGEMENT-BUSINESS MANAGEMENT-PROFESSIONAL PRACTICE
942 ## - ADDED ENTRY ELEMENTS (KOHA)
Suppress in OPAC 0
Holdings
Withdrawn status Lost status Source of classification or shelving scheme Damaged status Not for loan Home library Current library Shelving location Date acquired Total Checkouts Barcode Date last seen Copy number Price effective from Koha item type
    Dewey Decimal Classification     London London News article 08/07/2003   122961-1001 06/08/2019 1 06/08/2019 News article